500 Hip-Hop Artists By Their Most Popular Song - Statistics

General Stats
  • This quiz has been taken 846 times
  • The average score is 101 of 500
Answer Stats
Origin Artist Song Listeners % Correct
Queens, NY 50 Cent In Da Club 38,335
90%
Oakland, CA 2Pac California Love 25,978
88%
Detroit, MI Eminem Lose Yourself 75,477
88%
Compton, CA Kendrick Lamar HUMBLE. 60,790
87%
Toronto, ON Drake One Dance 74,245
86%
Chicago, IL Kanye West Ni**as In Paris 66,270
85%
Compton, CA Dr. Dre Still D.R.E. 26,846
84%
Brooklyn, NY Jay-Z Empire State Of Mind 35,741
82%
Atlanta, GA Lil Nas X INDUSTRY BABY 21,848
79%
Long Beach, CA Snoop Dogg Young, Wild & Free 31,532
78%
Brooklyn, NY The Notorious B.I.G. Hypnotize 23,225
78%
Pompano Beach, FL Kodak Black ZEZE 25,642
77%
Queens, NY Nicki Minaj Starships 46,584
77%
Compton, CA Ice Cube It Was A Good Day 16,786
74%
New Orleans, LA Lil Wayne Sucker for Pain 46,509
74%
Atlanta, GA Outkast Hey Ya! 23,855
73%
Atlanta, GA 6LACK PRBLMS 13,204
70%
Houston, TX Travis Scott goosebumps 71,104
70%
Compton, CA Coolio Gangsta's Paradise 18,666
68%
Plantation, FL XXXTENTACION SAD! 40,838
68%
New York, NY Cardi B I Like It 28,586
67%
Cleveland, OH Kid Cudi Day 'N' Nite (Nightmare) 22,303
67%
Compton, CA N.W.A. Straight Outta Compton 5,980
67%
Manhattan, NY A$AP Rocky Praise The Lord 35,999
66%
Atlanta, GA Future Mask Off 54,816
65%
Philadelphia, PA Lil Uzi Vert XO Tour Llif3 32,572
65%
Brooklyn, NY Nas N.Y. State of Mind 9,127
65%
Chicago, IL Juice WRLD Lucid Dreams 30,964
64%
Syracuse, NY Post Malone Sunflower 71,684
64%
Charlotte, NC DaBaby ROCKSTAR 24,147
63%
Fayetteville, NC J. Cole No Role Modelz 36,939
63%
Philadelphia, PA Will Smith Miami 10,102
62%
Atlanta, GA 21 Savage Bank Account 47,424
61%
Los Angeles, CA Doja Cat Kiss Me More 50,699
61%
Seattle, WA Macklemore Can't Hold Us 29,531
60%
Atlanta, GA Lil Baby Drip Too Hard 31,493
58%
Miami, FL Vanilla Ice Ice Ice Baby 3,063
58%
Los Angeles, CA Black Eyed Peas I Gotta Feeling 40,298
56%
Staten Island, NY Wu-Tang Clan C.R.E.A.M. 5,440
56%
Los Angeles, CA Tyler, The Creator See You Again 51,600
54%
Pittsburgh, PA Wiz Khalifa See You Again 36,246
54%
Atlanta, GA Childish Gambino Redbone 26,239
53%
Mount Vernon, NY DMX X Gon' Give It To Ya 9,984
53%
Miami, FL Lil Pump Gucci Gang 5,764
53%
East Orange, NJ Ms. Lauryn Hill Doo Wop (That Thing) 13,693
53%
Houston, TX Megan Thee Stallion Savage 28,912
52%
Compton, CA Roddy Ricch The Box 19,101
52%
Vega Baja, PR Bad Bunny DÁKITI 62,671
51%
Mount Vernon, NY Diddy I'll Be Missing You 10,286
51%
Oakland, CA MC Hammer U Can't Touch This 3,427
51%
Paterson, NJ Fetty Wap Trap Queen 9,094
50%
Miami Gardens, FL Flo Rida Low 34,236
50%
Bronx, NY Ice Spice Boy's a Liar Pt. 2 15,387
50%
Miami, FL Pitbull Timber 56,914
50%
Atlanta, GA T.I. Live Your Life 10,219
50%
St. Louis, MO Akon Smack That 32,346
49%
Atlanta, GA Gunna fukumean 37,014
49%
Atlanta, GA Lil Yachty Yacht Club 17,704
49%
Atlanta, GA Migos Slide 17,948
49%
Portsmouth, VA Missy Elliot Get Ur Freak On 7,653
49%
Brooklyn, NY 6ix9ine FEFE 10,534
48%
Atlanta, GA Playboi Carti Magnolia 54,025
48%
Medford, MA BIA WHOLE LOTTA MONEY 4,966
47%
Chicago, IL Chief Keef Love Sosa 12,824
46%
Compton, CA Eazy-E Real Muthaphuckkin G's 4,977
46%
Louisville, KY Jack Harlow First Class 27,741
45%
London, UK M.I.A. Paper Planes 9,305
45%
Atlanta, GA Offset Ric Flair Drip 19,384
45%
Queens, NY Lil Tecca Ransom 22,503
44%
Atlanta, GA Soulja Boy Kiss Me Thru The Phone 12,308
44%
Atlanta, GA Young Thug The London 27,101
44%
London, UK Central Cee Doja 26,215
43%
Pittsburgh, PA Mac Miller The Spins 23,339
43%
St. Louis, MO Nelly Dilemma 18,869
43%
New Orleans, LA DJ Khaled I'm the One 22,383
42%
Long Beach, NY Lil Peep Star Shopping 20,142
42%
Rockville, MD Logic 1-800-273-8255 9,166
42%
St. Louis, MO Metro Boomin Creepin' 48,854
42%
Tupelo, MS Rae Sremmurd Black Beatles 12,442
42%
New York, NY Beastie Boys Sabotage 7,430
41%
East Orange, NJ Fugees Killing Me Softly With His Song 8,240
41%
Queens, NY Run-D.M.C. Walk This Way 5,015
41%
Queens, NY A Tribe Called Quest Can I Kick It? 4,802
40%
Los Angeles, CA Baby Keem family ties 18,088
40%
Winston-Salem, NC B.o.B. Airplanes 19,813
40%
Brooklyn, NY Desiigner Panda 4,547
40%
Atlanta, GA Quavo HOTEL LOBBY 16,776
40%
Los Angeles, CA will.i.am Scream & Shout 11,091
40%
Manhattan, NY A$AP Ferg Plain Jane 11,794
39%
Atlanta, GA Ludacris My Chick Bad 5,942
39%
Carol City, FL Rick Ross Aston Martin Music 11,921
39%
Long Beach, NY MF DOOM Rapp Snitch Knishes 9,576
38%
Queens, NY Mobb Deep Shook Ones, Pt. II 5,436
38%
South Gate, CA Cypress Hill Insane in the Brain 8,667
37%
Atlanta, GA Gucci Mane Wake Up in the Sky 13,778
37%
Sydney, AU Iggy Azalea Fancy 8,069
37%
Brooklyn, NY Pop Smoke What You Know Bout Love 19,640
36%
Waterloo, AU The Kid LAROI STAY 44,546
36%
Chicago, IL Lil Durk 3 Headed Goat 20,131
34%
Brooklyn, NY Lil' Kim Lady Marmalade 4,351
34%
Chicago, IL Polo G RAPSTAR 19,215
34%
Fairfax, VA Shaboozey A Bar Song (Tipsy) 27,174
34%
New York, NY Sheck Wes Mo Bamba 5,540
34%
Tallahassee, FL T-Pain Buy U a Drank 16,207
34%
Atlanta, GA 2 Chainz It's A Vibe 9,347
33%
London, UK Dave Sprinter 14,265
33%
Los Angeles, CA Fergie Big Girls Don't Cry (Personal) 12,261
33%
Bronx, NY French Montana Unforgettable 21,640
33%
Detroit, MI Lizzo Truth Hurts 10,522
33%
Philadelphia, PA Meek Mill Going Bad 13,462
33%
Compton, CA The Game Hate It Ot Love It 11,857
33%
Gifford, FL YNW Melly Murder on My Mind 10,488
33%
Oakland, CA G-Eazy Me, Myself & I 23,863
32%
Atlanta, GA JID Surround Sound 22,844
32%
Chicago, IL King Von Took Her To The O 9,637
32%
Long Beach, CA Nate Dogg Regulate 4,545
32%
Tupelo, MS Swae Lee Won't Be Late 35,846
32%
Atlanta, GA Takeoff HOTEL LOBBY 6,002
32%
Englewood, NJ The Sugarhill Gang Rapper's Delight 1,293
32%
Canton, OH Trippie Redd Miss The Rage 30,459
32%
Bronx, NY A Boogie Wit da Hoodie Drowning 15,507
31%
Los Angeles, CA House of Pain Jump Around 5,890
31%
Mountlake Terrace, WA Lil Mosey Blueberry Faygo 7,358
31%
Seattle, WA Sir Mix-A-Lot Baby Got Back 4,762
31%
Houston, TX Don Toliver No Idea 34,994
30%
Brooklyn, NY Mos Def Ms. Fat Booty 2,483
30%
Spokane, WA Ryan Lewis Can't Hold Us 9,092
30%
Los Angeles, CA ScHoolboy Q Collard Greens 15,980
30%
Compton, CA Tyga Taste 21,007
30%
Los Angeles, CA Blueface Thotiana 3,593
29%
Brooklyn, NY Busta Rhymes Don't Cha 11,822
29%
Cheltenham, PA Lil Dicky Freaky Friday 3,473
29%
Atlanta, GA Lil Jon & The East Side Boyz Shots 5,332
29%
Chicago, IL Chance The Rapper No Problem 8,780
28%
Detroit, MI Danny Brown Grown Up 2,086
28%
Carol City, FL Denzel Curry Ultimate 7,937
28%
Roosevelt, NY Public Enemy Harder Than You Think 1,863
28%
Norfolk, VA Timbaland The Way I Are 20,653
28%
Baton Rouge, LA YoungBoy Never Broke Again Bandit 16,184
28%
San Francisco, CA 24kGoldn Mood 13,195
27%
Virginia Beach, VA Pusha T Don't Like.1 4,789
27%
Los Angeles, CA Ty Dolla $ign Or Nah 35,379
27%
Detroit, MI Big Sean Feels 18,787
26%
Houston, TX Chamillionaire Ridin' 1,976
26%
Brooklyn, NY GZA Shadowboxin' 1,325
26%
Cleveland, OH mgk my ex's best friend 14,908
26%
Lake Worth Beach, FL $NOT GOSHA 4,928
26%
Portland, OR Yeat Monëy so big 16,720
26%
New Providence, BS Baha Men Who Let The Dogs Out 1,318
25%
San Juan, PR Daddy Yankee Con Calma 51,782
25%
Los Angeles, CA Earl Sweatshirt Chum 3,075
25%
New York, NY Eric B. & Rakim Don't Sweat The Technique 1,174
25%
Brooklyn, NY Joey Bada$$ Love Is Only a Feeling 9,187
25%
Bronx, NY Lil Tjay Calling My Phone 13,890
25%
Long Beach, CA Warren G Regulate 4,742
25%
The Bronx, NY Big Pun Still Not a Player 5,195
24%
Memphis, TN GloRilla Tomorrow 2 24,919
24%
Bay Shore, NY LL Cool J All I Have 4,246
24%
Memphis, TN NLE Choppa Camelot 19,344
24%
Brampton, ON Tory Lanez The Color Violet 22,998
24%
Vancouver, BC bbno$ Lalala 9,123
23%
Staten Island, NY Ghostface Killah Iron Maiden 2,005
23%
Geneva, NY Gym Class Heroes Stereo Hearts 13,915
23%
Los Angeles, CA Jay Rock King's Dead 4,293
23%
Ventura, CA KYLE iSpy 3,847
23%
Hempstead, NY Method Man Da Rockwilder 2,971
23%
New York, NY Salt-N-Pepa Shoop 4,477
23%
Cleveland, OH Bone Thugs-N-Harmony The Crossroads 5,143
22%
Detroit, MI D12 My Band 3,829
22%
Philadelphia, PA Eve Let Me Blow Ya Mind 6,886
22%
The Bronx, NY Fat Joe What's Luv? 7,123
22%
Brooklyn, NY JPEGMAFIA 1539 N. Calvert 1,802
22%
Atlanta, GA Ken Carson Yale 9,674
22%
Atlanta, GA Killer Mike SCIENTISTS & ENGINEERS 3,051
22%
Redlands, CA Lil Xan Betrayed 1,436
22%
London, UK Skepta Energy (Stay Far Away) 5,507
22%
Los Angeles, CA Tommy Richman MILLION DOLLAR BABY 25,211
22%
Philadelphia, PA DJ Jazzy Jeff & The Fresh Prince The Fresh Prince of Bel-Air 1,547
21%
Hampton, VA DRAM Broccoli 2,408
21%
Gary, IN Freddie Gibbs Something to Rap About 3,803
21%
Queens, NY Ja Rule Always On Time 7,189
21%
Baton Rouge, LA Kevin Gates 2 Phones 5,267
21%
Long Beach, CA Vince Staples Norf Norf 3,986
21%
Stockholm, SE Yung Lean Ginseng Strip 2002 3,754
21%
Portland, OR Aminé Caroline 6,750
20%
Amityville, NY De La Soul Rock Co.Kane Flow 2,468
20%
Auburn, AL iamjakehill Suicidal Thoughts 2,090
20%
Bronx, NY MIKE Hunger 2,134
20%
Los Angeles, CA Mustard Ballin' 10,241
20%
St. Louis, MO Sexyy Red SkeeYee 26,186
20%
Fort Lauderdale, FL Ski Mask The Slump God Faucet Failure 7,667
20%
London, UK Stormzy Vossi Bop 10,376
20%
Philadelphia, PA Armani White BILLIE EILISH. 4,513
19%
Chicago, IL Common Invocation 1,897
19%
Tampa, FL Doechii What It Is 15,430
19%
Los Angeles, CA Hopsin III Mind of Hopsin 5 1,234
19%
Atlanta, GA Kris Kross Jump 1,363
19%
Atlanta, GA Latto Big Energy 15,944
19%
Newark, NJ Redman Da Rockwilder 2,153
19%
Buffalo, NY Benny The Butcher Johnny P's Caddy 1,641
18%
Manhattan, NY Big L Put It On 3,007
18%
Palm Coast, FL blackbear hot girl bummer 14,240
18%
Manhattan, NY Immortal Technique Dance With The Devil 1,108
18%
Romeo, MI Kid Rock All Summer Long 5,692
18%
Waynesboro, PA Lil Skies Lust 4,356
18%
Sydney, AU Masked Wolf Astronaut In The Ocean 5,608
18%
Atlanta, GA Rich The Kid Plug Walk 5,636
18%
Arlington, TX Tay-K The Race 3,472
18%
Gladwin, MI NF Let You Down 13,819
17%
Beverley Hills, CA The Alchemist E. Coli 6,558
17%
New Orleans, LA $uicideboy$ ...And to Those I Love, Thanks for Sticking Around 11,106
17%
Louisville, KY Bryson Tiller Don't 21,765
16%
Dallas, TX ian Figure It Out 5,395
16%
Brooklyn, NY KRS-One Sound of da Police 1,261
16%
Brooklyn, NY Kyle Richh Notti Bop 7,518
16%
Manhattan, NY Lil Mabu MATHEMATICAL DISRESPECT 2,274
16%
New York, NY Lin-Manuel Miranda Alexander Hamilton 14,472
16%
Brooklyn, NY Ol' Dirty Bastard Got Your Money 2,077
16%
East Orange, NJ Queen Latifah You Can't Stop The Beat 1,377
16%
Philadelphia, PA The Roots You Got Me 2,739
16%
Oxnard, CA Anderson .Paak Come Down 20,408
15%
St. Louis, MO Chingy Right Thurr 3,114
15%
Atlanta, GA Destroy Lonely NOSTYLIST 3,834
15%
Chicago, IL Lupe Fiasco Battle Scars 4,747
15%
Toronto, ON NAV Some Way 12,399
15%
Manhattan, NY Q-Tip Vivrant Thing 1,799
15%
London, UK RAYE Escapism. 27,296
15%
Chicago, IL Twista Overnight Celebrity 4,149
15%
Houston, TX UGK Int'l Players Anthem (I Choose You) 1,190
15%
Compton, CA YG Go Loko 11,153
15%
Port St. Lucie, FL Ace Hood Bugatti 1,482
14%
Queens, NY Bas Tribe 4,718
14%
Dallas, TX BigXthaPlug Mmhmm 15,388
14%
San Marcos, TX BROCKHAMPTON SUGAR 3,808
14%
Mobile, AL Flo Milli Never Lose Me 14,099
14%
Corpus Christi, TX iann dior emotions 12,712
14%
Los Angeles, CA Internet Money Lemonade 9,689
14%
Atlanta, GA Jeezy Put On 4,080
14%
Oakland, CA Luniz I Got 5 On It 4,280
14%
Oakland, CA Souls of Mischief 93' Til Infinity 1,585
14%
Atlanta, GA Waka Flocka Flame No Hands 5,325
14%
Atlanta, GA Young Nudy EA 7,459
14%
Detroit, MI 42 Dugg 4 Da Gang 7,259
13%
Manhattan, NY Azealia Banks 212 3,636
13%
Miami, FL City Girls Act Up 3,501
13%
Suitland, MD Cordae RNP 7,235
13%
San Diego, CA CORPSE E-GIRLS ARE RUINING MY LIFE! 3,008
13%
Los Angeles, CA Fort Minor Remember the Name 3,522
13%
Boston, MA Gang Starr Full Clip 3,264
13%
Houston, TX Geto Boys Mind Playing Tricks on Me 1,314
13%
Yonkers, NY Jadakiss Don't Like.1 2,018
13%
Worcester, MA Joyner Lucas Isis 4,605
13%
Memphis, TN Juicy J Shell Shocked 4,614
13%
Houston, TX Mike Jones Still Tippin' 1,830
13%
Los Angeles, CA Nipsey Hussle Grinding All My Life 3,076
13%
Los Angeles, CA Odd Future Oldie 1,624
13%
Atlanta, GA Rich Homie Quan Flex (Ooh,Ooh,Ooh) 2,690
13%
New York, NY Run The Jewels Legend Has It 1,319
13%
Memphis, TN Three 6 Mafia Stay Fly 3,307
13%
Buffalo, NY Westside Gunn Love U 3,586
13%
Newark, NJ Wyclef Jean Sweetest Girl (Dollar Bill) 5,557
13%
Brooklyn, NY Young M.A OOOUUU 2,293
13%
Carson, CA Ab-Soul Bloody Waters 2,124
12%
Memphis, TN BlocBoy JB Look Alive 2,029
12%
Manchester, UK Bugzy Malone Beauty and the Beast 2,320
12%
Vallejo, CA E-40 Choices (Yup) 2,439
12%
Brooklyn, NY Fivio Foreign City of Gods 4,903
12%
Chicago, IL G Herbo PTSD 6,257
12%
Malibu, CA Jaden Icon 3,392
12%
London, UK KSI Holiday 10,061
12%
London, UK Little Simz Venom 9,382
12%
Manhattan, NY Mase Feel so Good 2,508
12%
St. Petersburg, FL Rod Wave Heart On Ice 7,766
12%
Los Angeles, CA Skee-Lo I Wish 1,312
12%
Los Angeles, CA The Pharcyde Passin' Me By 2,208
12%
Rochester, MN Yung Gravy Betty (Get Money) 4,364
12%
London, UK AJ Tracey Ladbroke Grove 5,336
11%
New Orleans, LA Birdman Stuntin' Like My Daddy 1,925
11%
Raleigh, NC Dreamville Under The Sun 4,699
11%
Queens, NY G-Unit Poppin' Them Thangs 3,744
11%
Detroit, MI J Dilla Don't Cry 1,002
11%
Dallas, TX Lil Loaded 6locc 6a6y 2,360
11%
East Orange, NJ Naughty By Nature Hip Hop Hooray 3,121
11%
Houston, TX Paul Wall Drive Slow 2,965
11%
Moston, UK Aitch Rain 6,225
10%
Buffalo, NY Conway the Machine Scatter Brain 1,124
10%
Bengaluru, IN Hanumankind Big Dawgs 10,830
10%
New Orleans, LA JUVENILE Back That Azz Up 2,438
10%
Memphis, TN Key Glock Ambition For Cash 11,702
10%
Jacksonville, FL Nardo Wick Who Want Smoke?? 4,793
10%
Virginia Beach, VA N.E.R.D Lemon 1,858
10%
Memphis, TN Pooh Shiesty Back in Blood 4,461
10%
Atlanta, GA Russ Losin Control 13,464
10%
Santa Clara, CA Saweetie Best Friend 9,543
10%
Brooklyn, NY Sleepy Hallow 2055 9,819
10%
Detroit, MI Tee Grizzley First Day Out 7,193
10%
Washington, DC Wale Lotus Flower Bomb 6,043
10%
Los Angeles, CA Xzibit X 1,789
10%
Birmingham, AL YBN Nahmir Bounce Out With That 3,732
10%
Queens, NY Young MC Bust A Move 1,276
10%
Brighton, UK ArrDee Oliver Twist 3,675
9%
Stockholm, SE Bladee Be Nice 2 Me 1,683
9%
London, UK Dizzee Rascal Dance Wiv Me 3,014
9%
Chicago, IL Famous Dex PICK IT UP 2,055
9%
Chattanooga, TN Isaiah Rashad Wat's Wrong 4,333
9%
St. Louis, MO J-Kwon Tipsy 1,641
9%
State College, PA Joey Valence & Brae PUNK TACTICS 3,316
9%
Houston, TX Scarface Smile 1,096
9%
Manhattan, NY Cam'ron Hey Ma 2,275
8%
Chicago, IL cupcakKe Cpr 2,033
8%
Pontiac, MI DDG Moonwalking In Calabasas 2,976
8%
Atlanta, GA EARTHGANG Meditate 3,060
8%
New York, NY El-P Legend Has It 1,381
8%
Chicago, IL LUCKI New Drank 6,781
8%
Tokyo, JP MadeinTYO Uber Everywhere 2,214
8%
Memphis, TN Moneybagg Yo Time Today 11,755
8%
Chicago, IL Saba Photosynthesis 1,438
8%
Oakland, CA Too $hort Blow The Whistle 2,182
8%
Scottsdale, AZ Y2K Lalala 2,898
8%
Memphis, TN Yo Gotti Rake It Up 3,832
8%
Memphis, TN Young Dolph Major 4,946
8%
New Orleans, LA Young Money Trophies 4,696
8%
Detroit, MI BabyTron Out On Bond 4,672
7%
Ramos Mejía, AR Bizarrap Quevedo: Bzrp Music Sessions, Vol. 52 29,670
7%
Detroit, MI Boldy James Great Adventures 2,789
7%
Columbus, OH Bow Wow Like You 3,033
7%
Nutley, NJ Clams Casino I'm God 10,058
7%
Palm Bay, FL Cochise Tell Em 4,074
7%
Hackensack, NJ Coi Leray Baby Don't Hurt Me 14,800
7%
St. Louis, MO Comethazine Walk 1,601
7%
Atlanta, GA D4L Laffy Taffy 1,145
7%
Inglewood, CA Domo Genesis Dapper 1,516
7%
Greenville, NC Petey Pablo Freek-A-Leek 2,264
7%
Philadelphia, PA PnB Rock Selfish 3,802
7%
The Bronx, NY Remy Ma Conceited (There's Something About Remy) 1,988
7%
Boston, MA Rich Amiri ONE CALL 6,453
7%
Atlanta, GA Rich Gang Lifestyle 2,318
7%
Chicago, IL Smino Wild Irish Roses 3,678
7%
Atlanta, GA SoFaygo Knock Knock 2,072
7%
Carolina, PR Anuel AA China 30,803
6%
Brooklyn, NY Fabolous Into You 3,877
6%
Washington, D.C. GoldLink Crew 5,218
6%
Detroit, MI Insane Clown Posse In My Room 2,521
6%
London, UK Knucks Los Pollos Hermanos 3,149
6%
Atlanta, GA Mike WiLL Made-It 23 5,241
6%
San Diego, CA Rob $tone Chill Bill 4,358
6%
Bay City, TX That Mexican OT Johnny Dang 5,570
6%
London, UK Tion Wayne Body (Remix) 5,361
6%
Mission, BC Tom MacDonald People So Stupid 2,006
6%
Atlanta, GA Ying Yang Twins Salt Shaker 1,868
6%
Detroit, MI Babyface Ray Ron Artest 2,303
5%
Atlanta, GA Baby Kia OD CRASHIN 1,286
5%
Glendale, CA BONES HDMI 6,182
5%
London, UK D-Block Europe Overseas 14,122
5%
Davis, CA DJ Shadow Six Days 2,871
5%
London, UK Fredo Money Talks 3,257
5%
Lake Worth, FL Ghostemane Mercury: Retrograde 4,478
5%
London, UK Giggs Lock Doh 2,124
5%
London, UK Headie One Ain't It Different 5,223
5%
Atlanta, GA Homixide Gang 5unna 1,354
5%
Stratford, UK Lancey Foux LANCEY OR LANCEY 1,260
5%
Los Angeles, CA Lil Darkie GENOCIDE 2,513
5%
Los Angeles, CA Lil Tracy white tea 5,196
5%
Houston, TX Maxo Kream BIG PERSONA 2,495
5%
Manchester, UK Nemzzz 2MS 6,139
5%
Tokyo, JP Nujabes Feather 2,159
5%
Detroit, MI Obie Trice Go To Sleep 1,757
5%
Houston, TX Project Pat Life We Live 2,516
5%
Savannah, GA Quando Rondo ABG 1,474
5%
Jakarta, ID Rich Brian Gospel 3,768
5%
Northampton, UK slowthai Doorman 1,374
5%
Beaumont, TX Teezo Touchdown Sweet 14,856
5%
Los Angeles, CA 03 Greedo Substance 2,435
4%
Inglewood, CA 310babii soak city (do it) 4,358
4%
Decatur, GA Baby Tate Hey, Mickey! 3,161
4%
Toronto, CA Connor Price Spinnin 8,871
4%
New Orleans, LA Curren$y The Count 1,879
4%
Los Angeles, CA Flying Lotus Never Catch Me 1,221
4%
Brooklyn, NY Jenn Carter See Red 2,859
4%
Ottawa, ON jev. where's the confetti? 2,041
4%
Stratford, UK J Hus Did You See 3,856
4%
Belfast, UK Jordan Adetunji KEHLANI 12,968
4%
Miami, FL JT OKAY 4,161
4%
Corpus Christi, TX Kevin Abstract Peach 1,130
4%
Los Angeles, CA Kid Ink Show Me 4,243
4%
Atlanta, GA LAZER DIM 700 Laced max 2,671
4%
Charlotte, NC MAVI Love, of Money 1,424
4%
San Juan, PR Myke Towers LALA 43,099
4%
Queens, NY Pharoahe Monch Simon Says 1,211
4%
Las Palmas, ES Quevedo Columbia 25,070
4%
London, UK Russ Millions Keisha & Becky - Remix 3,658
4%
Los Angeles, CA Shoreline Mafia Bands 3,807
4%
Detroit, MI Slum Village Fall In Love 1,257
4%
Philadelphia, PA Tierra Whack Hungry Hippo 1,747
4%
Los Angeles, CA Westside Connection Gangsta Nation 1,886
4%
Atlanta, GA Yung Joc It's Goin' Down 1,710
4%
Orlando, FL 9lokknine Crayola 3,889
3%
Port Salerno, FL BossMan Dlow Get In With Me 5,062
3%
Bronx, NY Cash Cobain Fisherrr 3,384
3%
St. John's, NL Dax Dear God 3,523
3%
London, UK Digga D Next Up - Part 1 2,105
3%
Philadelphia, PA DJ Drama Wishing 4,585
3%
Palm Beach, FL DJ Scheme E-ER 3,156
3%
Cheltenham, UK FKA twigs Two Weeks 2,808
3%
Plainview, NY Hoodie Allen No Interruption 1,862
3%
Bogalusa, LA JayDaYoungan 23 Island 2,209
3%
Atlanta, GA Kaliii Area Codes 2,944
3%
Atlanta, GA Kenny Mason Hit 2,074
3%
Tallahassee, FL Luh Tyler Back Flippin 3,252
3%
Chicago, IL Mick Jenkins Carefree 1,219
3%
Memphis, TN Money Man 24 4,708
3%
Queens, NY N.O.R.E. Oye Mi Canto 2,027
3%
Miami, FL Pouya Runnin' Thru the 7th with My Woadies 3,945
3%
Atlanta, GA Quality Control Baby 5,574
3%
New Orleans, LA Rob49 Homebody 5,754
3%
Leicester, UK Sainté Champagne Shots 2,596
3%
Brooklyn, NY Sheff G Weight On Me 3,324
3%
Washington, D.C. Shy Glizzy White Girl 1,158
3%
Kansas City, MO SleazyWorld Go Sleazy Flow 2,412
3%
Atlanta, GA Southside Hold That Heat 2,295
3%
Raleigh, NC Toosii Favorite Song 4,586
3%
Detroit, MI Veeze GOMD 2,795
3%
Las Vegas, NV 1nonly Stay With Me 5,026
2%
Atlanta, GA Aliyah's Interlude IT GIRL 2,246
2%
New York, NY Arcángel La Jumpa 24,510
2%
Chicago, IL BabyChiefDoit The Viper 2,499
2%
Trujillo Alto, PR Calle 13 Atrévete-Te-Te 7,618
2%
Westmont, CA Drakeo the Ruler Talk To Me 1,342
2%
Los Angeles, CA Duckwrth Start a Riot 1,829
2%
Stockton, CA EBK Jaaybo Boogieman 2,715
2%
San Juan, PR Eladio Carrion Coco Chanel 15,893
2%
Louisville, KY EST Gee Everybody Shooters Too 3,047
2%
Orlando, FL Hotboii Don't Need Time 1,653
2%
Fort Worth, TX Jace! 556 (Green Tip) 1,744
2%
Jacksonville, FL Jdot Breezy Shoot It Out 1,954
2%
Philadelphia, PA Lay Bankz Tell Ur Girlfriend 5,580
2%
Houston, TX Lecrae Coming in Hot 3,044
2%
Sacramento, CA Mozzy Famous (I'm The One) 2,423
2%
Ottawa, ON Night Lovell JOAN OF ARC 3,660
2%
Houston, TX Odetari GOOD LOYAL THOTS 12,763
2%
Los Angeles, CA OHGEESY Perc Popper 4,626
2%
Chicago, IL Only The Family Crazy Story 3,346
2%
Fort Myers, FL Plies Hypnotized 3,497
2%
Tallahassee, FL Real Boston Richey Bullseye 2 3,755
2%
Flint, MI Rio da Yung OG Legendary 1,569
2%
Dallas, TX Ro$ama Meet The 6ixers 1,717
2%
Mobile, AL Rylo Rodriguez Thang For You 2,662
2%
Wolverhampton, UK Scarlxrd Heart Attack 1,759
2%
Wellington, NZ SXMPRA COWBELL WARRIOR! 3,351
2%
Winston-Salem, NC TiaCorine FreakyT 2,068
2%
Miami, FL Trick Daddy Let's Go 1,737
2%
Memphis, TN Xavier Wulf Kid Cudi 4,735
2%
San Juan, PR Alvaro Diaz Problemón 10,199
1%
Memphis, TN Big Boogie Pop Out 2,459
1%
Birmingham, AL Big Yavo Him 2,148
1%
Carolina, PR Bryant Myers Triste 14,855
1%
Brooklyn, NY Dee Billz Beckham 2,183
1%
New York, NY De La Ghetto Sensacion Del Bloque 17,442
1%
Carolina, PR DJ Luian Verte Ir 12,793
1%
Brooklyn, NY Erick the Architect Let It Go 3,012
1%
Los Angeles, CA Fenix Flexin HEAT STICK 3,206
1%
Oshawa, ON Freddie Dredd Limbo 5,025
1%
Columbia, SC Germ AWKWARD CAR DRIVE 1,980
1%
San Francisco, CA HAARPER Wtf U Mean 2,210
1%
London, UK hako listen! 2,149
1%
Atlanta, GA Hunxho Let's Get It 2,704
1%
Dayton, OH Jasiah Break Shit 1,504
1%
Atlanta, GA K-Camp Comfortable 1,972
1%
London, UK K-Trap Warm 1,208
1%
Houston, TX Lah Pat Rodeo 4,319
1%
New York, NY Laila! Like That! 2,082
1%
Pompano Beach, FL Loe Shimmy For Me 2,413
1%
San Juan, PR Lyanno En Tu Cuerpo 13,309
1%
Moron, AR Milo j Rara Vez 15,019
1%
San Juan, PR Ñengo Flow Gato de Noche 14,786
1%
Hato Rey, PR Noriel Cuerpo en Venta 13,972
1%
Los Angeles, CA NxWorries Where I Go 1,241
1%
Palma, ES Rels B A Mí 19,370
1%
Almería, ES Rvfv Mi Luz 10,706
1%
Kingston, JM Rvssian Nostálgico 20,651
1%
Los Angeles, CA Shakewell Six Lines, Two Dragons, and a Messiah 1,722
1%
Richmond, VA Sickboyrari Princess Cuts My Wrist 1,091
1%
Detroit, MI Skilla Baby Bae 1,550
1%
Lafayette, LA Summrs just cant 1,828
1%
Memphis, TN Tay Keith Lights Off 1,409
1%
Fairfax, VA TobyMac I just need U. 2,279
1%
Chicago, IL VonOff1700 Opps On Deck 1,683
1%
Vernon, FR Wax Tailor Que Sera 1,691
1%
South Windsor, CT Witt Lowry Into Your Arms 2,287
1%
Nottingham, UK Young T & Bugsy Don't Rush 1,564
1%
London, UK Darkoo Gangsta 4,400
0%
Carolina, PR Dei V Narcotics 13,158
0%
San Juan, PR DJ Nelson Pasarela 13,202
0%
Houston, TX DRODi BOW DOWN 2,112
0%
Silver Spring, MD Joony IDC 2,276
0%
San Juan, PR Mambo Kingz Aqui Estoy 12,637
0%
Foxborough, MA nothing,nowhere. hammer 1,024
0%
San Francisco, CA Ramirez Grey Gods 2,906
0%
Los Angeles, CA Rob Vicious Bands 1,651
0%
Seattle, WA Sango Só me ligar 2,043
0%
No matching quizzes found
Score Distribution
Percent of People with Each Score
Percentile by Number Answered
Your Score History
You have not taken this quiz